书目信息 |
| 题名: |
听拿破仑·希尔谈财富
|
|
| 作者: | 希尔 著 ;杨东雄 编译 | |
| 分册: | ||
| 出版信息: | 北京 地震出版社 2004.05 |
|
| 页数: | 374页 | |
| 开本: | 21cm | |
| 丛书名: | ||
| 单 册: | ||
| 中图分类: | B848.4 | |
| 科图分类: | ||
| 主题词: | 成功心理学 | |
| 电子资源: | ||
| ISBN: | 7-5028-2418-9 | |
| 000 | 01233nam0 22002897 4500 | |
| 001 | 192004002263 | |
| 005 | 20070911153139.29 | |
| 010 | @a7-5028-2418-9@dCNY23.80 | |
| 100 | @a20070601d2004 ekmy0chiy0121 ea | |
| 101 | 1 | @achi@ceng |
| 102 | @aCN@b110000 | |
| 105 | @ay z 000yy | |
| 200 | 1 | @a听拿破仑·希尔谈财富@Ating na po lun· xi er tan cai fu@d= Listen to Napoleon Hill's discussion of ealth@e一本影响了多个世纪的大师智言@f拿破仑·希尔著@g杨东雄编译@zeng |
| 210 | @a北京@c地震出版社@d2004.05 | |
| 215 | @a374页@d21cm | |
| 300 | @a智慧带你走向财富巅峰 | |
| 300 | @a并列题名:Listen to Napoleon Hill's discussion of ealth | |
| 300 | @a其他题名:一本影响了多个世纪的大师智言 | |
| 330 | @a本书以编译的形式介绍了拿破仑·希尔1930年出版的《思考致富圣经》一书。书中内容包括:锁定目标、心灵奇迹、控制情绪、谋事在人、积极心态、决心与毅力、团队精神、致富策略、转变能量和笑看财富。 | |
| 510 | 1 | @aListen to Napoleon Hill's discussion of ealth@zeng |
| 517 | 1 | @a一本影响了多个世纪的大师智言@Ayi ben ying xiang liao duo ge shi ji de da shi zhi yan |
| 606 | 0 | @a成功心理学 |
| 690 | @aB848.4@v4 | |
| 701 | 1 | @a希尔@Axi er@4著 |
| 702 | 0 | @a杨东雄@Ayang dong xiong@4编译 |
| 801 | 0 | @aCN@c20070911 |
| 905 | @dB848.4@eX1202 | |
| 听拿破仑·希尔谈财富= Listen to Napoleon Hill's discussion of ealth:一本影响了多个世纪的大师智言/拿破仑·希尔著/杨东雄编译.-北京:地震出版社,2004.05 |
| 374页;21cm |
| 智慧带你走向财富巅峰.-并列题名:Listen to Napoleon Hill's discussion of ealth.-其他题名:一本影响了多个世纪的大师智言 |
| ISBN 7-5028-2418-9:CNY23.80 |
| 本书以编译的形式介绍了拿破仑·希尔1930年出版的《思考致富圣经》一书。书中内容包括:锁定目标、心灵奇迹、控制情绪、谋事在人、积极心态、决心与毅力、团队精神、致富策略、转变能量和笑看财富。 |
| ● |
| 相关链接 |
|
|
|
正题名:听拿破仑·希尔谈财富
索取号:B848.4/X1202
 
预约/预借
| 序号 | 登录号 | 条形码 | 馆藏地/架位号 | 状态 | 备注 |
| 1 | 619537 | 206195375 | 社科库509/509社科库 51排2列4层/ [索取号:B848.4/X1202] | 在馆 | |
| 2 | 619538 | 206195384 | 社科库509/509社科库 51排2列4层/ [索取号:B848.4/X1202] | 在馆 | |
| 3 | 619539 | 206195393 | 社科库509/509社科库 51排2列4层/ [索取号:B848.4/X1202] | 在馆 |